Ariana Grande - Dangerous Woman - Statistics

General Stats
  • This quiz has been taken 44 times
    26 since last reset
  • The average score is 12 of 18
Answer Stats
2016 Dangerous Woman % Correct
2 Dangerous Woman
100%
4 Into You
100%
1 Moonlight
93%
6 Let Me Love You (feat. Lil Wayne)
86%
5 Side To Side (feat. Nicki Minaj)
79%
10 Sometimes
79%
3 Be Alright
71%
15 Thinking Bout You
71%
13 Touch It
71%
14 Knew Better / Forever Boy
64%
8 Leave Me Lonely (feat. Macy Gray)
64%
9 Everyday (feat. Future)
57%
7 Greedy
57%
16 Step On Up
50%
12 Bad Decisions
43%
11 I Don't Care
43%
17 Jason's Song (Gave It Away)
43%
18 Focus
29%
No matching quizzes found
Score Distribution
Percent of People with Each Score
Percentile by Number Answered
Your Score History
You have not taken this quiz since the last reset